vampire - Olivia Rodrigo (All Lyrics) - Statistics

General Stats
  • This quiz has been taken 68 times
  • The average score is 340 of 393
Answer Stats
Lyrics % Correct
a
98%
I
98%
the
98%
The
98%
to
98%
you
98%
you,
98%
You
98%
it
96%
me
96%
me,
96%
vampire
96%
so
94%
was
94%
your
94%
at
92%
do
92%
dry
92%
for
92%
God,
92%
God
92%
Look
92%
look
92%
made
92%
way
92%
be
90%
Bloodsucker,
90%
fucker
90%
goddamn
90%
how
90%
How
90%
(How
90%
like
90%
naive
90%
night
90%
some
90%
teeth
90%
think
90%
you're
90%
You're
90%
as
88%
As
88%
But
88%
but
88%
fame
88%
Hate
88%
hate
88%
into
88%
know
88%
love,
88%
love
88%
mistakes
88%
one
88%
only
88%
out
88%
out,
88%
parts
88%
smart
88%
that
88%
true
88%
used
88%
and
85%
And
85%
big
85%
come
85%
make
85%
of
85%
oh
85%
Oh,
85%
real
85%
said
85%
worst
85%
Bleedin'
83%
Can't
83%
can't
83%
crazy,
83%
crazy
83%
fine
83%
had
83%
I've
83%
lie
83%
lie?
83%
lie?)
83%
never
83%
now
83%
sold
83%
strange
83%
too
83%
were
83%
anyone
81%
bad,
81%
bad
81%
called
81%
heart
81%
known
81%
should've
81%
when
81%
would
81%
care
79%
'Cause
79%
'cause
79%
hard?
79%
satisfaction
79%
them
79%
understand
79%
wouldn't
79%
convincing
77%
doing
77%
ever
77%
girl
77%
give
77%
got
77%
Just
77%
just
77%
mean
77%
news
77%
told
77%
about?
75%
cool
75%
guy,
75%
I'll
75%
what
75%
without
75%
asking
73%
castle
73%
every
73%
help
73%
her
73%
people
73%
pretend
73%
sunk
73%
tried
73%
age
71%
better
71%
built
71%
flinching?
71%
girls
71%
talked
71%
wanted
71%
figure
69%
How's
69%
not
69%
up
69%
knows
67%
my
67%
off
67%
thing
67%
fucked
65%
kind
65%
little
65%
see
65%
thrill
65%
will
65%
'em
63%
forbidden
63%
laugh
63%
loved
63%
paradise
63%
stupidity
63%
diamonds
60%
gotta
60%
mesmerizing,
60%
Six
60%
torture
60%
truly
60%
close
58%
eyes
58%
months
58%
paralyzing,
58%
parties
58%
sometimes
56%
think's
54%
Went
42%
(Ah)
38%
No matching quizzes found
Score Distribution
Percent of People with Each Score
Percentile by Number Answered
Your Score History
You have not taken this quiz